000 00504 a2200205 4500
001 138821
003 OSt
005 20210922170513.0
008
020 _a9780070702172
082 _a530
_bC85W
100 1 _aCrawford, Frank S.
245 1 _aWaves (Volume III)
_cby Frank S. Crawford
260 _aNew Delhi
_bMcGraw Hill
_c2011
300 _a626p.
490 _aberkeley physics course; no. 3
630 _aPhysics
630 _aWaves
942 _2ddc
_cBK
999 _c11565
_d11565